[Event "London Classic op U1750 8th"]
[Site "London"]
[Date "2016.12.12"]
[Round "1"]
[White "Hastilow, Sarah"]
[Black "Wray, S David"]
[Result "0-1"]
[WhiteElo "1170"]
[BlackElo "1577"]
[PlyCount "50"]
[EventDate "2016.12.12"]
[EventType "swiss"]
[EventRounds "5"]
[EventCountry "ENG"]
[SourceTitle "EXT 2019"]
[Source "ChessBase"]
[SourceDate "2018.10.10"]
[SourceVersion "1"]
[SourceVersionDate "2018.10.10"]
[SourceQuality "1"]

1. e4 c5 2. Nc3 Nc6 3. f4 e6 4. Nf3 d5 5. d3 Nf6 6. Be2 d4 7. Nb5 a6 8. Na3 b5 9. 0-0 Be7 10. Bd2 0-0 11. Rc1 Bb7 12. c3 Qb6 13. Qe1 Rad8 14. c4 Ne8 15. Qg3 Nb4 16. f5 exf5 17. Bg5 f6 18. Bh6 fxe4 19. Nh4 Bd6 20. Bf4 Bxf4 21. Rxf4 Nxd3 22. Bxd3 exd3 23. Qxd3 g5 24. Rg4 Ng7 25. Nf5 Nxf5 0-1